Ako platiť cestnú daň v roku 2003

Zdanenie využívania pozemných komunikácií motorovými vozidlami a prípojnými vozidlami cestnou daňou upravuje zákon č. 87/1994 Z.z. Platenie cestnej dane. Povinnosť zaplatiť daň do 31.1.2003. Príklady.

Uložené v:
Podrobná bibliografia
Hlavný autor: Chrenková, Slávka
Médium: Kapitola
Jazyk:Slovak
Predmet:
Tagy: Pridať tag
Žiadne tagy, Buďte prvý, kto otaguje tento záznam!

MARC

LEADER 00000naa a2200000 4500
001 r047423
005 20230711121313.1
041 0 |a slo 
044 |a SK 
245 1 0 |a Ako platiť cestnú daň v roku 2003  |c Slávka Chrenková 
520 |a Zdanenie využívania pozemných komunikácií motorovými vozidlami a prípojnými vozidlami cestnou daňou upravuje zákon č. 87/1994 Z.z. Platenie cestnej dane. Povinnosť zaplatiť daň do 31.1.2003. Príklady. 
610 2 0 |a dane cestné 
610 2 0 |a daňovníci 
610 2 0 |a povinnosť daňová 
610 2 0 |a automobily 
610 2 0 |a sadzby daňové 
100 1 |a Chrenková, Slávka